| 000 | 00970nam a22003257a 4500 | ||
|---|---|---|---|
| 001 | 3194011 | ||
| 003 | OSt | ||
| 005 | 20210420073944.0 | ||
| 008 | 770713s1977 nyuaf 001 0beng | ||
| 010 | _a 77022196 | ||
| 020 | _a067021227X | ||
| 040 |
_aeng _cDLC _deng _beng |
||
| 041 | _aeng | ||
| 050 | 0 | 0 |
_aPR4581 _b.J6 1977 |
| 080 |
_a92 _bJ-74 |
||
| 082 | 0 | 0 |
_a823/.8 _aB |
| 100 | 1 | _aJohnson, Edgar. | |
| 245 | 1 | 0 |
_aCharles Dickens, his tragedy and triumph / _cEdgar Johnson. |
| 250 | _aRev. and abridged. | ||
| 260 |
_aNew York : _bViking Press, _c1977. |
||
| 300 |
_a601 p., [16] leaves of plates : _bill. ; _c24 cm. |
||
| 500 | _a"A Richard Seaver book." | ||
| 500 | _aIncludes index. | ||
| 600 | 1 | 0 |
_aDickens, Charles, _d1812-1870. |
| 650 | 0 |
_aNovelists, English _y19th century _xBiography. |
|
| 650 | 0 |
_aBiography _9237 |
|
| 653 | _aბიოგრაფია | ||
| 906 |
_a7 _bcbc _corignew _d1 _eocip _f19 _gy-gencatlg |
||
| 942 |
_2udc _cBK _eRev. and Abr. |
||
| 999 |
_c540 _d540 |
||